Biblioteka Instytutu Północnego w Olsztynie

Widok standardowy Widok MARC

Pozycja Personal Name

Liczba rekordów, w których użyto hasła: 2

001 - Numer kontrolny

  • control field: 39194

003 - Identyfikator numeru kontrolnego

  • control field: NUKAT

005 - Data i czas ostatniej modyfikacji

  • control field: 20260330105559.0

008 - Dane kontrolne kodowane (40 znaków)

  • fixed length control field: 100923n||a|znnaabn |a aaa |c

010 ## - Numer kontrolny Biblioteki Kongresu

  • numer kontrolny LC: n 2010053475

024 7# - OTHER STANDARD IDENTIFIER

  • Standard number or code: 164138044
  • Source of number or code: viaf

024 7# - OTHER STANDARD IDENTIFIER

  • Standard number or code: 0000000112597076
  • Source of number or code: isni

024 7# - OTHER STANDARD IDENTIFIER

  • Standard number or code: Q61106277
  • Source of number or code: wikidata

040 ## - Instytucja sporządzająca rekord

  • inst. przygot. dane do rek. khw: SZCZ M/HS
  • język haseł przedmiotowych/tezaurus: kaba
  • inst. wprow. rek. khw: SZCZ M/HS

100 1# - Hasło - nazwa osobowa

  • nazwa osobowa w formie ujednoliconej: Bogdaszewski, Marek.

670 ## - Źródło informacji

  • źródło informacji: W trosce o przyrodę Warmii i Mazur / [pod red. Ewy Stajudy]. - Giżycko, 2010.
  • gdzie znaleziono informację: Fot.
Biblioteka Instytutu Północnego, ul. Partyzantów 87, 10-402 Olsztyn, email: biblioteka(at)ip.olsztyn.pl